<?xml version="1.0" encoding="UTF-8"?>
<marc:record xmlns:marc="http://www.loc.gov/MARC21/slim">
   <marc:leader>00000nam a2200000 a 4500</marc:leader>
   <marc:datafield ind1="1" ind2=" " tag="100">
      <marc:subfield code="a">Robinson, James Dale</marc:subfield>
      <marc:subfield code="4">aut</marc:subfield>
      <marc:subfield code="e">Verfasser/-in</marc:subfield>
   </marc:datafield>
   <marc:datafield ind1="1" ind2=" " tag="100">
      <marc:subfield code="a">Norrington, Stephen</marc:subfield>
      <marc:subfield code="4">aut</marc:subfield>
      <marc:subfield code="e">Verfasser/-in</marc:subfield>
   </marc:datafield>
   <marc:datafield ind1="1" ind2=" " tag="100">
      <marc:subfield code="a">Shane, Shah</marc:subfield>
   </marc:datafield>
   <marc:datafield ind1="1" ind2=" " tag="100">
      <marc:subfield code="a">Flemyng, Jason</marc:subfield>
   </marc:datafield>
   <marc:datafield ind1="1" ind2=" " tag="100">
      <marc:subfield code="a">Connery, Sean</marc:subfield>
   </marc:datafield>
   <marc:datafield ind1="1" ind2=" " tag="100">
      <marc:subfield code="a">Connery, Sean</marc:subfield>
   </marc:datafield>
   <marc:datafield ind1="0" ind2="0" tag="245">
      <marc:subfield code="a">Die Liga der aussergewöhnlichen Gentlemen</marc:subfield>
   </marc:datafield>
   <marc:datafield ind1="0" ind2="0" tag="245">
      <marc:subfield code="c">James Dale Robinson ; Stephen Norrington. Sean Connery. Sean Connery ; Jason Flemyng ; Shah Shane</marc:subfield>
   </marc:datafield>
   <marc:datafield ind1=" " ind2="1" tag="264">
      <marc:subfield code="b">20th Century Fox Home Entertainment</marc:subfield>
      <marc:subfield code="c">2013</marc:subfield>
   </marc:datafield>
   <marc:datafield ind1="1" ind2=" " tag="520">
      <marc:subfield code="a">Jeder Einzelne ist einzigartig - gemeinsam sind sie unbesiegbar: die Liga der außergewöhnlichen Gentlemen!##Ende des 19. Jahrhunderts. "Das Phantom", ein maskierter Größenwahnsinniger, verfolgt einen teuflischen Plan: Ein Krieg soll die ganze Welt in Schutt und Asche legen. Um das zu verhindern, engagiert der britische Geheimdienst keinen Geringeren als den Abenteurer Allan Quatermain. Bei der Jagd auf das Phantom unterstützen ihn sechs außergewöhnliche Charaktere - darunter der furchtlose Tom Sawyer, Doktor Jekyll mit seinem rasenden Alter Ego Mister Hyde und die schöne Mina Harker, einst Opfer von Graf Dracula. Nur wenn es den sieben Einzelkämpfer gelingt, ihre Fähigkeiten für ihre Mission gemeinsam einzusetzen, können sie das Phantom besiegen. Das Spiel beginnt...</marc:subfield>
   </marc:datafield>
   <marc:datafield ind1=" " ind2=" " tag="020">
      <marc:subfield code="a">4010232025333</marc:subfield>
      <marc:subfield code="9">4010232025333</marc:subfield>
   </marc:datafield>
   <marc:datafield ind1=" " ind2=" " tag="041">
      <marc:subfield code="a">ger</marc:subfield>
   </marc:datafield>
</marc:record>
